Guía médica de urgencias / (Record no. 113728)

MARC details
000 -LEADER
campo de control de longitud fija 00533nam a2200181 4500
001 - NÚMERO DE CONTROL
campo de control 113728
003 - IDENTIFICADOR DE NÚMERO DE CONTROL
campo de control ES-MaACL
005 - FECHA Y HORA DE LA ÚLTIMA TRANSACCIÓN
campo de control 20230906190005.0
007 - CAMPO FIJO DE DESCRIPCIÓN FÍSICA--INFORMACIÓN GENERAL
campo de control de longitud fija t|
008 - DATOS DE LONGITUD FIJA--INFORMACIÓN GENERAL
campo de control de longitud fija 061121s1961 sp r ||||1| spa d
100 1# - ENTRADA PRINCIPAL--NOMBRE DE PERSONA
Nombre de persona Pacheco, José.
9 (RLIN) 88122
245 10 - MENCIÓN DEL TÍTULO
Título Guía médica de urgencias /
Mención de responsabilidad, etc. José Pacheco ; prólogo del Dr. Antonio Morales.
250 ## - MENCION DE EDICION
Mención de edición 2ª ed. correg. y aum.
260 ## - PUBLICACIÓN, DISTRIBUCIÓN, ETC.
Lugar de publicación, distribución, etc. Barcelona :
Nombre del editor, distribuidor, etc. Teide,
Fecha de publicación, distribución, etc. 1961.
300 ## - DESCRIPCIÓN FÍSICA
Extensión 217 p. ;
Dimensiones 19 cm.
700 1# - ENTRADA AGREGADA--NOMBRE PERSONAL
Nombre de persona Morales, Antonio.
9 (RLIN) 82974
852 ## - LOCALIZACIÓN
Ubicación ES-MaACL
Número de control de estantería C-23409
Sublocalización o colección R.50992
Holdings
Estatus retirado Estado de pérdida Estado de daño No para préstamo Biblioteca de origen Biblioteca actual Ubicación en estantería Fecha de adquisición Fuente de adquisición Total de préstamos Signatura topográfica completa Código de barras Visto por última vez Precio de reemplazo Tipo de ítem Koha
        Biblioteca del Ateneo de Madrid Biblioteca del Ateneo de Madrid Depósito 2 17/01/2008     C-23409 1118610 23/02/2023 23/02/2023 Libro impreso